000 00801cam a2200205 4500
001 J122780
008 020910n2003 000 0 eng u
035 _a(Sirsi) u122780
050 _a338.181
_c18
110 _aEuropean Commission
_92292
245 _aCAP reform
_ba long-term perspective for sustainable agriculture
260 _aBrussels
_cEuropa
_c2003
520 _aDescribes the Mid Term Review (MTR) of the Common Agricultural Policy (CAP), designed to make this body of policy less inefficient and cumbersome.
650 _aCAP REFORM
650 _aCOMMON AGRICULTURAL POLICY
650 _aEUROPE
690 _aRURAL-AGRICULTURE AND FORESTRY
856 _uhttps://ec.europa.eu/agriculture/publi/reports/reformimpact/rep_en.pdf
_zView the document on the Europa website.
942 _n0
999 _c102928
_d102928